| 000 | 00340nam a2200145Ia 4500 | ||
|---|---|---|---|
| 005 | 20251222152606.0 | ||
| 008 | 251222s9999||||xx |||||||||||||| ||spa|| | ||
| 020 | _a9786124030659 | ||
| 082 | _a869.56/C557 | ||
| 100 | _aChirinos, Eduardo | ||
| 245 | 0 | _aCatorce Formas de MelancolĂa | |
| 250 | _a4ta.ed. | ||
| 264 | _bUCSS | ||
| 942 | _cLIB | ||
| 999 |
_c26803 _d26803 |
||